000 00684nam a2200253 a 4500
003 AR-BaBNM
005 20251128203434.0
008 082120s2002 ||||||||||||||000 | spa||
040 _cAR-BaBNM
100 1 _aGhiano, Juan Carlos
245 0 0 _aAnálisis de prosas profanas
260 _aBuenos Aires
_bCentro Editor de América Latina
_c1968
300 _a59 p.
490 0 _aEnciclopedia literaria. España e Hispanoamerica
_vv. 25
600 1 4 _aDarío, Rubén
650 4 _aANALISIS LITERARIO
650 4 _aCRITICA LITERARIA
650 4 _aPOESIA
653 _aLITERATURA NICARAGÜENSE
653 _aMODERNISMO
655 _aLITERATURA
942 _cBK
998 _cisola
999 _c3397
_d3397